000
00325 a2200157 4500
001
62195
020
_a
97814408209370
040
_c
Anchieta - Pituba
100
_a
Hearn, Izabella
240
1
0
_a
Discover
_l
por
245
1
0
_a
Discover
300
_a
86
362
0
_a
2010
650
4
_a
Inglês e inglês antigo
942
_c
BK
999
_c
62195
_d
62195